000 00358nam a2200169Ia 4500
003 0STCL
008 150530s9999 xx 000 0 und d
040 _aSTCL
_cSTCL
100 _aJonson
245 _aEvery man in his humour
250 _aSecond
260 _c1963
546 _aEnglish
942 _2ddc
_cBK
999 _c56177
_d56177
005 20220125171004.0